000 01068nam a22003377a 4500
001 0012870
003 KOHA_MİRAKIL
005 20260207001903.0
007 ta
008 100208b1995 tu |||gr||||#||||1|tur |
020 _a9751109442
040 _aTR-BiSEU
_btur
_cTR-BiSEU
_erda
041 0 _atur
044 _ctu
050 _aPL220
_b.Y55 1995
100 1 _aYılmaz, İsmail.
245 1 _aUlu çınarın kökleri/
_cİsmail Yılmaz ; İsmail Yılmaz.
264 1 _aİstanbul :
_bMEB
_c1995
300 _a99 sayfa; 19 cm.
336 _ametin
_btxt
_2rdacontent
337 _aaracısız
_bn
_2rdamedia
338 _acilt
_bnc
_2rdacarrier
490 1 _aMilli Eğitim Bakanlığı Yayınları ;
_v2814.
490 1 _aBilim ve Kültür Eserleri Dizisi ;
_v807.
490 1 _aTürk edebiyat dizisi ;
_v24.
650 0 _aTürk edebiyatı.
_96754
830 1 _aMilli Eğitim Bakanlığı Yayınları ;
_v2814.
_917955
830 1 _aBilim ve Kültür Eserleri Dizisi ;
_v807.
_913435
830 1 _aTürk edebiyat dizisi ;
_v24.
_930782
942 _2lcc
_cBK
999 _c12837
_d12837